00318nam a22001337a 450000500170000000800410001702000180005804100080007608200100008410000210009424500160011526000450013130000080017620160426155123.0160426b xxu||||| |||| 00| 0 eng d a81-7808-425-2 aeng b00173 aAdriaans, Pieter aData Mining aNew DelhibPearson Prantics Hall, c2003 a158